| 000 | 00523 a2200133 4500 | ||
|---|---|---|---|
| 082 | _aMIT-2 | ||
| 100 |
_a Atiya Azim _999086 |
||
| 245 |
_aA Loosely Coupled Decentralized and Autonomous Frameword for Grid Enabled Analysis Environment _c Atiya Azim |
||
| 260 |
_a Islamabad, _bNUST School of Electrical Engineering & Computer Science, _c2004. |
||
| 300 |
_a xiii, 63 p. : _bill. ; _c27 cm |
||
| 500 | _aSupervisor : Dr. Arshad Ali. | ||
| 856 | _uhttp://10.250.8.41:8080/xmlui/handle/123456789/30511 | ||
| 942 |
_cPR _kMIT-2 ATI _2ddc |
||
| 999 |
_c9253 _d9253 |
||